000 00562nam a22002057a 4500
003 koha_MIRAKIL
005 20231213100153.0
008 231213b |||||||| |||| 00| 0 ||| d
020 _b978-6-05-436295-0
040 _aTR-IsEVY
_btur
_cTR-IsEVY
082 _aFIC SHA/R
100 _aShams, Mohammad Reza.
245 0 _aRenkli dilekler uçurtması
250 _a2. bs.
260 _bOdtü Yayıncılık,
_c2014
300 _a[30] s.
650 _aChildren's literature -- Short stories.
650 _aÇocuk edebiyatı -- Hikayeler.
942 _2ddc
_cBK
999 _c15637
_d15637